[Event "NZL-ch U20 op"]
[Site "Palmerston North"]
[Date "2018.01.07"]
[Round "4"]
[White "Ross, Sol"]
[Black "Calitz, Hananke"]
[Result "1/2-1/2"]
[WhiteElo "1343"]
[BlackElo "1699"]
[PlyCount "58"]
[EventDate "2018.01.02"]
[EventType "swiss"]
[EventRounds "6"]
[EventCountry "NZL"]
[SourceTitle "EXT 2019"]
[Source "ChessBase"]
[SourceDate "2018.10.10"]
[SourceVersion "1"]
[SourceVersionDate "2018.10.10"]
[SourceQuality "1"]

1. d4 e6 2. Nf3 d5 3. Bf4 Bd6 4. Bg3 c5 5. c3 cxd4 6. cxd4 Nc6 7. e3 Nge7 8. Ne5 f6 9. Nf3 0-0 10. Bd3 Bc7 11. Nh4 g6 12. Nf3 Bd7 13. Nc3 a6 14. Rc1 Be8 15. 0-0 h5 16. Na4 Bf7 17. Nc5 Rb8 18. Bxc7 Qxc7 19. Bxa6 bxa6 20. Nxa6 Qa5 21. Nxb8 Rxb8 22. Rc2 Qxa2 23. Qa1 Qb3 24. Rfc1 Qb7 25. Nd2 Rc8 26. Qa3 Ra8 27. Qd6 Rd8 28. Qf4 Kg7 29. h4 Rd7 1/2-1/2

[Event "Manawatu op rapid"]
[Site "Palmerston North"]
[Date "2018.01.05"]
[Round "3"]
[White "Steadman, Mathew"]
[Black "Ross, Sol"]
[Result "0-1"]
[WhiteElo "1482"]
[BlackElo "1316"]
[PlyCount "64"]
[EventDate "2018.01.05"]
[EventType "swiss (rapid)"]
[EventRounds "6"]
[EventCountry "NZL"]
[SourceTitle "EXT 2019"]
[Source "ChessBase"]
[SourceDate "2018.10.10"]
[SourceVersion "1"]
[SourceVersionDate "2018.10.10"]
[SourceQuality "1"]

1. d3 d5 2. Nf3 Nf6 3. c3 Bf5 4. Nbd2 c6 5. Qc2 e6 6. e4 dxe4 7. dxe4 Bg6 8. h3 Nbd7 9. Be2 Nc5 10. Ne5 Bxe4 11. Nxe4 Ncxe4 12. Ng4 Bc5 13. Be3 Bxe3 14. Nxe3 Qc7 15. Ng4 0-0-0 16. Bd3 Nc5 17. 0-0-0 Nxg4 18. hxg4 Qf4+ 19. Kb1 Nxd3 20. Rxd3 Rxd3 21. Qxd3 Qxg4 22. g3 Rd8 23. Qc2 Qf3 24. Re1 h6 25. a3 Qd3 26. Re4 Qf1+ 27. Ka2 Rd1 28. Rf4 Ra1+ 29. Kb3 Qb5+ 30. Rb4 Qd5+ 31. c4 Qf3+ 32. Ka4 Rf1 0-1

[Event "NZL-ch U20 op"]
[Site "Palmerston North"]
[Date "2018.01.03"]
[Round "2"]
[White "Ross, Sol"]
[Black "He, Paul"]
[Result "1-0"]
[WhiteElo "1343"]
[BlackElo "1142"]
[PlyCount "89"]
[EventDate "2018.01.02"]
[EventType "swiss"]
[EventRounds "6"]
[EventCountry "NZL"]
[SourceTitle "EXT 2019"]
[Source "ChessBase"]
[SourceDate "2018.10.10"]
[SourceVersion "1"]
[SourceVersionDate "2018.10.10"]
[SourceQuality "1"]

1. d4 Nf6 2. Nf3 e6 3. Bf4 d5 4. e3 c5 5. c3 Nc6 6. Nbd2 c4 7. b3 cxb3 8. axb3 Be7 9. Bg3 Nh5 10. Bd3 Nxg3 11. hxg3 h6 12. 0-0 0-0 13. Qe2 f5 14. Ne5 Nxe5 15. dxe5 Qc7 16. Rfc1 Qxe5 17. Nf3 Qf6 18. Nd4 Bd7 19. Qf3 Be8 20. c4 Bc6 21. Nxc6 bxc6 22. cxd5 cxd5 23. Qd1 Bd6 24. Rc6 Qe7 25. Raa6 Rad8 26. Be2 g6 27. Qd4 Rd7 28. f3 Rfd8 29. g4 Qh4 30. f4 Qe1+ 31. Bf1 fxg4 32. Qd3 Qh4 33. Qxg6+ Kh8 34. Qxe6 Re7 35. Qxd5 g3 36. Bd3 Qh2+ 37. Kf1 Qh1+ 38. Ke2 Rxe3+ 39. Kxe3 Qc1+ 40. Rxc1 Bxf4+ 41. Kxf4 Rxd5 42. Rc8+ Kg7 43. Rxa7+ Kf6 44. Rc6+ Rd6 45. Rxd6# 1-0

[Event "North Island-ch"]
[Site "Palmerston North"]
[Date "2016.10.06"]
[Round "8"]
[White "Dolejs, Dan E"]
[Black "Ross, Sol"]
[Result "1-0"]
[WhiteElo "1803"]
[BlackElo "1261"]
[PlyCount "51"]
[EventDate "2016.10.03"]
[EventType "swiss"]
[EventRounds "9"]
[EventCountry "NZL"]
[SourceTitle "EXT 2018"]
[Source "ChessBase"]
[SourceDate "2017.10.13"]
[SourceVersion "1"]
[SourceVersionDate "2017.10.13"]
[SourceQuality "1"]

1. e4 d5 2. d4 dxe4 3. Nc3 Nf6 4. f3 exf3 5. Nxf3 Bf5 6. Bc4 e6 7. 0-0 c6 8. Ne5 Bd6 9. Nxf7 Kxf7 10. Rxf5 b5 11. Bb3 Nbd7 12. Ne4 Ke7 13. Nxd6 Kxd6 14. Qe2 Nd5 15. Bxd5 cxd5 16. Bf4+ Ke7 17. Re1 Qb6 18. Rxd5 Rhe8 19. Rd6 Qxd6 20. Bxd6+ Kxd6 21. Qxb5 Rab8 22. Qa6+ Rb6 23. Qxa7 Reb8 24. Qa3+ Kd5 25. c4+ Kxc4 26. Qa4+ 1-0